|
|
|
|
| LEADER |
00893nam a22002652a 4500 |
| 001 |
001101636 |
| 003 |
CZ BrMZK |
| 005 |
20101018134038.0 |
| 007 |
ta |
| 008 |
100615s1951 xr aef er|||||||||||eng d |
| 015 |
|
|
|a cnb000504383
|
| 035 |
|
|
|a (OCoLC)13632142
|
| 040 |
|
|
|a ABA001
|b cze
|c BOA001
|d ABA001
|d BOA001
|
| 041 |
1 |
|
|a eng
|h cze
|
| 100 |
1 |
|
|a Morávek, Jan,
|d 1887-1960
|7 jk01082087
|4 aut
|
| 245 |
1 |
4 |
|a The Castle of Prague /
|c Jan Morávek ; revised by F. Peťas and J. Parkan ; photographs by ČTK ... A. Gubčevský [et al.]
|
| 250 |
|
|
|a 2. revised ed.
|
| 260 |
|
|
|a Prague :
|b Orbis,
|c 1951
|
| 300 |
|
|
|a 45, [1] s., 26 s. obr. příl. :
|b il., plán ;
|c 8°
|
| 500 |
|
|
|a Přeloženo z češtiny
|
| 500 |
|
|
|a 4100 výt.
|
| 910 |
|
|
|a BOA001
|b 1-0263.874
|
| 990 |
|
|
|a BK
|
| 991 |
|
|
|b 201006
|
| 996 |
6 |
|
|b 2619372307
|c 1-0263.874
|l MZK
|r Sklad / do 1 hodiny
|n 0
|w 001128291
|u 000010
|a 1
|e BOA001
|j MZK50
|s P
|